Lego Harry Potter Quiz Stats

 Plays Quiz not verified by Sporcle

Challenge
Share
Tweet
Embed
Score 0/87 Timer 15:00
0 Plays Today
Description Character % Correct
THE BOY WHO LIVEDHARRY POTTER
99%
HARRY'S BEST FRIENDRON WEASLEY
98.1%
WHO RON MARRIESHERMIONE GRANGER
93.5%
HEADMASTER KILLED BY SNAPEALBUS DUMBLEDORE
91.9%
POTIONS MASTER, THEN DEFENSE AGAINST DARK ARTS TEACHERSEVERUS SNAPE
89.6%
GIANT GROUNDSKEEPERRUBEUS HAGRID
85.7%
'MAD-EYE'ALASTOR MOODY
83.1%
WEREWOLF, DEFENSE AGAINST DARK ARTS TEACHERREMUS LUPIN
82.8%
MARRIED HARRYGINNY WEASLEY
80.8%
VERY SMALL PROFESSORFILIUS FLITWICK
80.5%
GEORGE'S IDENTICAL TWINFRED WEASLEY
80.2%
FRED'S IDENTICAL TWINGEORGE WEASLEY
78.6%
HARRY'S FATHERJAMES POTTER
78.2%
HARRY'S MOTHERLILY POTTER
77.9%
HP1 - VOLDEMORT WAS ON THE BACK OF HIS HEADQUIRINUS QUIRRELL
76.9%
SLYTHERIN STUDENT, 'THE RICH KID'DRACO MALFOY
76.6%
THE WEASLEY MOTHERMOLLY WEASLEY
76%
DRACO'S FATHERLUCIUS MALFOY
75.6%
WEASLEY, 'THE OVERACHIEVER'PERCY WEASLEY
74.7%
VOLDEMORT'S TEEN FORMTOM RIDDLE
74%
THE WEASLEY FATHERARTHUR WEASLEY
73.7%
A PROFESSOR - 'THE ONE THAT WON'T TAKE YOUR CRAP'MINERVA MCGONAGALL
73.4%
DRACO'S SIDEKICK, G.G.GREGORY GOYLE
73.4%
'THE PRISONER OF AZKABAN', HARRY'S GODFATHERSIRIUS BLACK
73.1%
HP1 - TAUGHT STUDENTS TO FLY ON BROOMS, LED TO HARRY BECOMING SEEKERROLANDA HOOCH
72.7%
STUDENT, LATER HERBOLOGY PROFESSOR, IN EARLY BOOKS 'THE ONE WITH NO LUCK'NEVILLE LONGBOTTOM
72.1%
DRACO'S SIDEKICK, V.C.VINCENT CRABBE
71.8%
HP4 - TRIWIZARD CHAMPION, WENT WITH CHO TO THE YULE BALLCEDRIC DIGGORY
71.1%
HARRY'S FIRST KISSCHO CHANG
70.5%
Description Character % Correct
HOUSE-ELF, FREED BY HARRYDOBBY
70.5%
PROFESSOR - HERBOLOGY, TAUGHT STUDENTS ABOUT THE MANDRAKEPOMONA SPROUT
70.1%
'WORMTAIL'PETER PETTIGREW
70.1%
THE DARK LORDLORD VOLDEMORT
70.1%
DISGUISED AS MOODY IN HP4BARTY CROUCH JUNIOR
69.8%
FATHER OF BARTY JR.BARTY CROUCH SENIOR
69.8%
HP4 - TRIWIZARD CHAMPION FROM DURMSTRANG INSTITUTEVIKTOR KRUM
69.8%
BARMAN OF THE LEAKY CAULDRONTOM THE INNKEEPER
69.2%
HP4 - TRIWIZARD CHAMPION FROM BEAUXBAXTON'SFLEUR DELACOUR
68.8%
HARRY'S UNCLEVERNON DURSLEY
68.2%
THE DURSLEYS' SONDUDLEY DURSLEY
68.2%
GHOST OF GRYFFINDOR TOWERNEARLY HEADLESS NICK
67.9%
HARRY'S AUNTPETUNIA DURSLEY
67.5%
CAPTAIN OF THE GRYFFINDOR QUIDDITCH TEAM (ALSO KEEPER)OLIVER WOOD
66.6%
WENT TO THE YULE BALL WITH HARRYPARVATI PATIL
66.2%
WENT TO THE BALL WITH RONPADMA PATIL
65.6%
HIGHMASTER OF DURMSTRANG INSTITUTE (I.K.)IGOR KARKAROFF
65.6%
THE NURSEPOPPY POMFREY
64.6%
GRYFFINDOR STUDENT, K.B.KATIE BELL
64%
HAD A CAMERA, GOT PETRIFIED HOLDING IT ONCECOLIN CREEVEY
63.6%
HAGRID'S PET DOGFANG
63.6%
CARETAKER OF HOGWARTSARGUS FILCH
63.6%
HAUNTS THE GIRLS' BATHROOMMOANING MYRTLE
63%
CEDRIC'S FATHERAMOS DIGGORY
63%
PROFESSOR OF DIVINATIONSYBILL TRELAWNEY
62.7%
GRYFFINDOR STUDENT - D.T.DEAN THOMAS
62%
GRYFFINDOR STUDENT, S.F.SEAMUS FINNIGAN
62%
GHOST OF SLYTHERIN HOUSETHE BLOODY BARON
61.4%
REPORTER FOR THE DAILY PROPHET, USUALLY MESSES UP THE STORIESRITA SKEETER
61.4%
Description Character % Correct
MINISTER OF MAGICCORNELIUS FUDGE
61%
GHOST PROFESSOR - TAUGHT HISTORY OF MAGICCUTHBERT BINNS
60.7%
HAS HIS OWN WAND SHOPMR OLLIVANDER
60.7%
GHOST OF RAVENCLAW HOUSETHE GREY LADY
59.1%
HUFFLEPUFF STUDENT, E.M.ERNIE MACMILLAN
58.8%
HUFFLEPUFF STUDENT, J.F-F.JUSTIN FINCH-FLETCHLEY
57.8%
CONDUCTOR OF THE KNIGHT BUSSTAN SHUNPIKE
57.8%
DRIVER OF THE KNIGHT BUSERNIE PRANG
57.8%
PROFESSOR - 'THE CONCEITED ONE'GILDEROY LOCKHART
57.1%
GRYFFINDOR STUDENT - L.J.LEE JORDAN
57.1%
GOBLIN AT GRINGOTT'S BANKGRIPHOOK
57.1%
FLEUR'S SISTERGABRIELLE DELACOUR
54.9%
RAVENCLAW STUDENT, P.C., PERCY'S GIRLFRIENDPENELOPE CLEARWATER
54.5%
MARRIED GEORGE WEASLEYANGELINA JOHNSON
53.9%
GHOST OF THE HUFFLEPUFF HOUSETHE FAT FRIAR
53.9%
THE WIFE OF MR. MASONMRS MASON
52.6%
THE LIBRARIANMADAM PINCE
51.9%
GRYFFINDOR STUDENT - A.S.ALICIA SPINNET
49%
SLYTHERIN STUDENT, M.B.MILLICENT BULSTRODE
49%
OWNER OF A ROBE SHOPMADAM MALKIN
49%
A BUILDER WHO V. DURSLEY WAS HOPING TO GET A BIG DRILL ORDER FROMMR MASON
49%
HUFFLEPUFF STUDENT, S.B.SUSAN BONES
48.7%
PROFESSOR OF ARITHMANCYSEPTIMA VECTOR
45.5%
LANDLADY OF THE THREE BROOMSTICKS (A PUB)MADAM ROSMERTA
45.5%
SLYTHERIN STUDENT, M.F.MARCUS FLINT
45.1%
MARRIED NEVILLEHANNAH ABBOTT
42.5%
PROFESSOR OF ASTRONOMYAURORA SINISTRA
41.6%
WITCH, GREETED HARRY IN THE LEAKY CAULDRONDORIS CROCKFORD
31.2%
ONE OF VOLDEMORT'S EARLY DEATH EATERSWALDEN MACNAIR
16.2%

You're not logged in!

Compare scores with friends on all Sporcle quizzes.
Join for Free
OR
Log In

You Might Also Like...

Show Comments

Extras

Created Apr 17, 2011ReportNominate
Tags:character, description, lego

Top Quizzes Today


Score Distribution

Your Account Isn't Verified!

In order to create a playlist on Sporcle, you need to verify the email address you used during registration. Go to your Sporcle Settings to finish the process.

Report this User

Report this user for behavior that violates our Community Guidelines.

Details: